书目信息 |
| 题名: |
7天学会基础法语
|
|
| 作者: | 潘贞璇 , 华泽晏 著 | |
| 分册: | ||
| 出版信息: | 北京 北京理工大学出版社 2019 |
|
| 页数: | 12,250页 | |
| 开本: | 26cm | |
| 丛书名: | ||
| 单 册: | ||
| 中图分类: | H32 | |
| 科图分类: | ||
| 主题词: | 法语--自学参考资料 | |
| 电子资源: | ||
| ISBN: | 978-7-5682-4586-9 | |
| 000 | 00625nam0 2200217 450 | |
| 001 | 2370897793 | |
| 005 | 20230924194157.83 | |
| 010 | @a978-7-5682-4586-9@dCNY62.00 | |
| 100 | @a20190731d2019 em y0chiy50 ea | |
| 101 | 0 | @achi@afre |
| 102 | @aCN@b110000 | |
| 105 | @aa z 000yy | |
| 200 | 1 | @a7天学会基础法语@A7 tian xue hui ji chu fa yu@f潘贞璇, 华泽晏著 |
| 210 | @a北京@c北京理工大学出版社@d2019 | |
| 215 | @a12,250页@c图@d26cm | |
| 606 | 0 | @a法语@j自学参考资料 |
| 690 | @aH32@v5 | |
| 701 | 0 | @a潘贞璇@Apan zhen xuan@4著 |
| 701 | 0 | @a华泽晏@Ahua ze yan@4著 |
| 801 | 0 | @aCN@b安徽时代@c20230923 |
| 905 | @aBZT@dH32@e6 | |
| 7天学会基础法语/潘贞璇, 华泽晏著.-北京:北京理工大学出版社,2019 |
| 12,250页:图;26cm |
| ISBN 978-7-5682-4586-9:CNY62.00 |
| ● |
| 相关链接 |
|
|
|
正题名:7天学会基础法语
索取号:H32/6
 
预约/预借
| 序号 | 登录号 | 条形码 | 馆藏地/架位号 | 状态 | 备注 |
| 1 | 2000929975 | 2000929975 | 第四书库/四10架A面1层2列/ [索取号:H32/6] | 在馆 | |
| 2 | 2000929976 | 2000929976 | 第四书库/四10架A面1层2列/ [索取号:H32/6] | 在馆 | |
| 3 | 2000929977 | 2000929977 | 第四书库/四10架A面1层2列/ [索取号:H32/6] | 在馆 | |
| 4 | 2000929978 | 2000929978 | 第四书库/四10架A面1层2列/ [索取号:H32/6] | 在馆 | |
| 5 | 2000929979 | 2000929979 | 第四书库/四10架A面1层2列/ [索取号:H32/6] | 在馆 | |
| 6 | 2000929980 | 2000929980 | 第四书库/四10架A面1层2列/ [索取号:H32/6] | 在馆 |